Pitch Perfect Barden Bellas Members - Statistics

General Stats
  • This quiz has been taken 1,154 times
  • The average score is 7 of 12
Answer Stats
Hint Answer % Correct
Main Character who wants to be a DJ. Beca
98%
Funniest character. "We all know where this is going. Lesbi-honest." Fat Amy
96%
Has Nodes. Chloe
86%
Has a lot of sex. Stacie
69%
Lesbian. Cynthia Rose
68%
Leader of the Bellas who "puked her way to the bottom." Aubrey
67%
Ate her twin in the womb. Lilly
62%
Almost always jumpy and happy. Jessica
44%
Minor character played by Caroline Fourmy. Ashley
38%
Broke up with ^. "I still love you..." Denise
14%
Boned for being with a treble. Kori
14%
Also boned, sent away pulling her chair in embarrassment. Mary Elise
10%
No matching quizzes found
Score Distribution
Percent of People with Each Score
Percentile by Number Answered
Your Score History
You have not taken this quiz